Statistics for Земли Германии на карте

Click here to take the quiz!

General Stats

  • This quiz has been taken 1 105 times
  • The average score is 6 of 16

Answers on the Map

Answers color-coded by a green-red scale on the quiz's map according to % correct below.
 

Answer Stats

State% Correct
Берлин
94%
Бавария
73%
Гамбург
57%
Саксония
47%
Бремен
34%
Бранденбург
33%
Саар
32%
Баден-Вюртемберг
30%
Мекленбург-Передняя Померания
30%
Рейнланд-Пфальц
30%
Шлезвиг-Гольштейн
28%
Нижняя Саксония
27%
Северный Рейн-Вестфалия
26%
Гессен
23%
Тюрингия
23%
Саксония-Анхальт
20%

Score Distribution

Percentile by Number Answered

Percent of People with Each Score

Your Score History

You have not taken this quiz